01271nam a2200253 a 4500001001000000003000900010005001700019008004100036040002500077082000700102100004200109245008000151260002900231300002100260500028000281504005600561590007500617650005500692651004200747700004700789942001400836952015000850999001701000000035364DO-SdBNP20231109112657.0111028s1945 cu 000 0 spa d aDO-SdBNPbspacBNPHU 42221 aArredondo, Alberto,d1912-196894736610aCuba :btierra indefensa /cAlberto Arredondo ; prólogo de Ramiro Guerra. aLa Habana :bLex,c1945. a500 p. ;c24 cm. aEn la portada: La tierra, los bancos, la moneda, el régimen de la propiedad, el desenvolvimiento de la agricultura, los factores humanos de la producción y las causas y efectos de los movimientos revolucionarios, en la historia económica de Cuba, desde 1492 hasta 1933. aÍndice de autores y obras consultadas: p. 493-500 aPerteneció a la biblioteca personal de Juan Isidro Jimenes Grullón24aAgriculturaxCondiciones económicaszCuba961163 4aCubaxCondiciones económicas9189211 aGuerra, Ramiro,d1880-1970epról.961164 2ddccLBS1 0010507-18MOaGRbGRcOId2011-10-28iLF1l0o p35364-10r2020-06-25w2020-06-25y1zBiblioteca Juan Isidro Jiménes GrullónZNo se presta c34855d34855